00401nas a2200133 a 4500008004100000050002000041110004400061245002300105250000900128260005200137350000900189500004100198650002800239071003c20059999xx |||||||||||||| || u aZAM-PER(05)TIZB aTransparency International Zambia (TIZ)10aTI-Zambia bulletin a2005 abTransparency International Zambia (TIZ)c2005 a0.00 aLibrary Holdings: July-December 2005 aGOOD GOVERNANCE--ZAMBIA